The diary of a young girl : (Record no. 2420)

MARC details
000 -LEADER
fixed length control field 01592cam a2200397 a 4500
001 - CONTROL NUMBER
control field 2420
003 - CONTROL NUMBER IDENTIFIER
control field FISKH
005 - DATE AND TIME OF LATEST TRANSACTION
control field 20241101133348.0
008 - FIXED-LENGTH DATA ELEMENTS--GENERAL INFORMATION
fixed length control field 941013s1995 nyua 000 0aeng
010 ## - LIBRARY OF CONGRESS CONTROL NUMBER
LC control number 94041379
020 ## - INTERNATIONAL STANDARD BOOK NUMBER
International Standard Book Number 0385473788
020 ## - INTERNATIONAL STANDARD BOOK NUMBER
International Standard Book Number 9780553577129
040 ## - CATALOGING SOURCE
Original cataloging agency DLC
Transcribing agency DLC
Modifying agency DLC
Language of cataloging eng
041 1# - LANGUAGE CODE
Language code of text/sound track or separate title eng
Language code of original dut
050 00 - LIBRARY OF CONGRESS CALL NUMBER
Classification number DS135.N6
Item number F73313 1995
082 00 - DEWEY DECIMAL CLASSIFICATION NUMBER
Classification number 940.53/18/092
Edition number 20
100 1# - MAIN ENTRY--PERSONAL NAME
Personal name Frank, Anne,
Dates associated with a name 1929-1945.
245 14 - TITLE STATEMENT
Title The diary of a young girl :
Remainder of title the definitive edition /
Statement of responsibility, etc. Anne Frank ; edited by Otto H. Frank and Mirjam Pressler ; translated by Susan Massotty.
250 ## - EDITION STATEMENT
Edition statement Bantam edition in 1997
260 ## - PUBLICATION, DISTRIBUTION, ETC.
Place of publication, distribution, etc. New York :
Name of publisher, distributor, etc. Doubleday,
Date of publication, distribution, etc. 1995
300 ## - PHYSICAL DESCRIPTION
Extent 335 pages :
Other physical details illustrations ;
Dimensions 20 cm
505 ## - FORMATTED CONTENTS NOTE
Formatted contents note Q<br/>
520 ## - SUMMARY, ETC.
Summary, etc. A thirteen-year-old Dutch-Jewish girl records her impressions of the two years she and seven others spent hiding from the Nazis before they were discovered and taken to concentration camps. Includes entries previously omitted.
521 8# - TARGET AUDIENCE NOTE
Target audience note 670<br/>
Source Lexile<br/>
521 8# - TARGET AUDIENCE NOTE
Target audience note Q<br/>
Source Raz-Plus<br/>
600 10 - SUBJECT ADDED ENTRY--PERSONAL NAME
Personal name Frank, Anne,
Dates associated with a name 1929-1945
General subdivision Diaries.
650 #0 - SUBJECT ADDED ENTRY--TOPICAL TERM
Topical term or geographic name entry element Holocaust, Jewish (1939-1945)
Geographic subdivision Netherlands
-- Amsterdam
General subdivision Personal narratives.
650 #0 - SUBJECT ADDED ENTRY--TOPICAL TERM
Topical term or geographic name entry element Jews
General subdivision Persecutions
Geographic subdivision Netherlands
-- Amsterdam.
650 #0 - SUBJECT ADDED ENTRY--TOPICAL TERM
Topical term or geographic name entry element Jews
Geographic subdivision Netherlands
-- Amsterdam
General subdivision Diaries.
651 #0 - SUBJECT ADDED ENTRY--GEOGRAPHIC NAME
Geographic name Amsterdam (Netherlands)
General subdivision Ethnic relations.
700 1# - ADDED ENTRY--PERSONAL NAME
Personal name Frank, Otto,
Dates associated with a name 1889-1980.
Relator term Editor
700 1# - ADDED ENTRY--PERSONAL NAME
Personal name Pressler, Mirjam.
Relator term Editor
700 1# - ADDED ENTRY--PERSONAL NAME
Personal name Massotty, Susan.
Relator term Translator
906 ## - LOCAL DATA ELEMENT F, LDF (RLIN)
a 7
b cbc
c orignew
d 1
e ocip
f 19
g y-gencatlg
942 ## - ADDED ENTRY ELEMENTS (KOHA)
Source of classification or shelving scheme Dewey Decimal Classification
Koha item type Books
Suppress in OPAC No
Holdings
Withdrawn status Lost status Source of classification or shelving scheme Damaged status Not for loan Collection Home library Current library Shelving location Date acquired Total Checkouts Full call number Barcode Date last seen Date last checked out Price effective from Koha item type
    Dewey Decimal Classification     Fiction Footprints International School Library Network Toul Kork Campus Footprints International School Library Network Toul Kork Campus   12/04/2023 1 FRA 940.53 DS135.N6 FISSE03069 02/26/2026 01/22/2026 12/04/2023 Books